| 000 | 00986nam a2200277 a 4500 | ||
|---|---|---|---|
| 001 | BRCA_8571 | ||
| 005 | 20190320210331.0 | ||
| 008 | 180816s1700----gw-a######---#000-0#lat-# | ||
| 041 | _alat | ||
| 044 | _agw | ||
| 050 | 4 |
_aBS1901 _b.I36 _c17--? |
|
| 245 | 1 | 0 |
_aIcones biblicae veteris et N testamenti figures du vieux et du nouveau testament _cInventées et gravees par Ian Iyken; ed. Pier Mortier. |
| 260 |
_aVerbeeldingen _bAmsterdam _c17--? |
||
| 300 |
_a1 vol. (con varias paginaciones) _bil. _c54 cm |
||
| 500 | _aFondo antiguo | ||
| 500 | _aSe encuentra en Caja Fuerte | ||
| 500 | _aR-48/B | ||
| 500 | _aContiene 164 láminas con grabados bíblicos | ||
| 500 | _aNota de encuadernación: piel con tapas de cartón | ||
| 506 | 0 | _aFondo reservado: para su consulta es necesario credencial de usuario y carta de motivos | |
| 650 | 1 | 4 |
_aBiblia _eIlustraciones _921463 |
| 700 | 1 |
_aIyken, Ian _921464 |
|
| 700 | 1 |
_aMortier, Pier ed. _921465 |
|
| 902 | _aLAR | ||
| 942 |
_2lcc _cB |
||
| 999 |
_c8234 _d8234 |
||